Robin Williams Movies - Sudden Death - Statistics

General Stats
  • This quiz has been taken 1,082 times
  • The average score is 9 of 16
Answers on the Grid
Answers color-coded by a green-red scale on the quiz's grid according to % correct below.
Night at the Museum
Hook
Mrs. Doubtfire
Awakenings
One Hour Photo
Old Dogs
Robots
Aladdin
Bicentennial Man
Dead Poets Society
Good Morning, Vietnam
Popeye
What Dreams May Come
Flubber
Jumanji
Insomnia
Tropic Thunder
Zootopia
Groundhog Day
Batman
Batman Forever
Batman Returns
Batman and Robin
Jumanji: Welcome to the Jungle
The Mask
A Series of Unfortunate Events
Tarzan
Aladdin (2019)
Stuart Little
Clue
 
Answer Stats
Answer % Correct
Mrs. Doubtfire
78%
Dead Poets Society
73%
Jumanji
71%
Good Morning, Vietnam
70%
Hook
68%
Night at the Museum
67%
Flubber
60%
Aladdin
59%
Popeye
51%
One Hour Photo
46%
Bicentennial Man
45%
Awakenings
41%
Insomnia
37%
What Dreams May Come
35%
Robots
34%
Old Dogs
23%
No matching quizzes found
Score Distribution
Percent of People with Each Score
Percentile by Number Answered
Your Score History
You have not taken this quiz